00549pab a2200181 454500008004000000100002900040245005400069260000900123300001300132362001200145650000800157650001800165773004400183908000600227909001100233999001900244952010400263180718b1961 xxu||||| |||| 00| 0 eng d aSrinivasavaradan, T.C.A. aSome aspects of the Indian administrative service c1961 ap.26-31. aJan-Mar aIAS aCivil service aIndian Journal of Public Administration aN a100455 c100454d100454 00104070aIIPAbIIPAd2018-07-19hVolume no: 7, Issue no: 1pAR100915r2018-07-19w2018-07-19yAR